Altes und neues vom kreis

Αποθηκεύτηκε σε:
Λεπτομέρειες βιβλιογραφικής εγγραφής
Κύριος συγγραφέας: Lietzmann, Walther, 1880-1959
Μορφή: Βιβλίο
Γλώσσα:German
Δημοσίευση: Leipzig : B. G. Teubner, 1935
Έκδοση:4 Aufl.
Σειρά:Mathematische Schulerbucherei ; ; 12
Θέματα:
Ετικέτες: Προσθήκη ετικέτας
Δεν υπάρχουν, Καταχωρήστε ετικέτα πρώτοι!

MARC

LEADER 00000cam a2200000 i 4500
001 1/6451
008 100414s1966 ger d
035 |l 10107515 
040 |a GR-MY-UA  |b gre  |e aacr 
041 0 |a ger 
082 0 |a 516.15  |2 (22) 
100 1 |a Lietzmann, Walther,   |d 1880-1959. 
245 1 0 |a Altes und neues vom kreis /  |c von W. Lietzmann ; bearbeitet und erganzt von E. Hameister 
250 |a 4 Aufl. 
260 |a Leipzig :   |b B. G. Teubner,   |c 1935 
300 |a 63 σ.;  |b σχ.;  |c 19 εκ. 
490 1 |a Mathematische schulerbucherei  |v ; 12 
505 0 |a Mit 65 figuren und 42 aufgaben 
650 0 0 |a Circle. 
830 0 |a Mathematische Schulerbucherei ;  |v ; 12 
852 |a INST  |b SAMOS  |c MAG  |e 20100414  |h 516.15 LIE  |p 005300032030  |q 005300032030  |t BK  |y 0 
901 |a BIBL3-2010-1 
909 |a Σ  |b 162175 
970 |z 2010/04/14  |a ΣΙΤΖΙΜΗ  |b ΓΙΑΣΕΜΗ